000 00356nam a2200133Ia 4500
005 20260328104330.0
008 260328s9999||||xx |||||||||||||| ||und||
100 _aVan Uffelen, Chris
245 0 _aWorking in Style :
_b Architecture + Interior /
_cChris Van Uffelen
260 _bBraun
300 _a455 p.
650 _aARQUITECTURA INTERIOR
942 _cBK
999 _c11689
_d11689